|
|
|
|
| LEADER |
00948pam a22002538a 4500 |
| 001 |
00016109 |
| 005 |
20171026081023.0 |
| 008 |
110405s2006 ||||||Viesd |
| 020 |
|
|
|c 50000
|
| 041 |
0 |
# |
|a Vie
|
| 082 |
1 |
4 |
|a 338.407 1
|b GI108TR
|
| 100 |
0 |
# |
|a Trần Thị Minh Hòa
|
| 245 |
0 |
0 |
|a Giáo trình thanh toán quốc tế trong du lịch
|c Trần Minh Hòa
|
| 260 |
# |
# |
|a H.
|b Đại học kinh tế quốc dân.
|c 2006.
|
| 300 |
# |
# |
|a 279 tr.
|c 24 cm.
|
| 500 |
# |
# |
|a ĐTTS ghi: Trường Đại học kinh tế quốc dân khoa du lịch và khách sạn
|
| 650 |
# |
4 |
|a Du lịch
|
| 653 |
# |
# |
|a Thanh toán quốc tế
|a Giáo trình
|
| 852 |
# |
# |
|b Kho giáo trình
|j KGT.0018508
|
| 852 |
# |
# |
|b Kho mượn
|j KGT.0018508
|
| 852 |
# |
# |
|b Kho đọc
|j KD.0001553
|
| 852 |
# |
# |
|j KD.0001553
|j KGT.0018508
|
| 910 |
|
|
|d 05/04/2011
|
| 980 |
# |
# |
|a Trung tâm Học liệu Lê Vũ Hùng, Trường Đại học Đồng Tháp
|